| 000 | 02076cam a22003854a 4500 | ||
|---|---|---|---|
| 999 |
_c64277 _d64277 |
||
| 001 | 16593649 | ||
| 003 | CO-MdFUSB | ||
| 005 | 20180412110422.0 | ||
| 008 | 101229t2011 ilu g b 000 0 eng | ||
| 010 | _a 2010052962 | ||
| 020 | _a9780830835461 (pbk. : alk. paper) | ||
| 040 |
_aDLC _dCO-MdFUSB _bspa _cCO-MdFUSB _erda |
||
| 041 | _aeng | ||
| 043 | _an-us-ca | ||
| 082 | 0 | 0 |
_224 _aG 253 _bC284r |
| 100 | 1 |
_aCarlson, Kent, _d1954- _eautor |
|
| 242 | 1 | 0 |
_aRenovación de la iglesia _b: qué sucede cuando una iglesia buscadora descubre la formación espiritual _lInglés |
| 245 | 1 | 0 |
_aRenovation of the church _b: what happens when a seeker church discovers spiritual formation _c/ Kent Carlson y Mike Lueken. |
| 264 | 1 |
_aDowner Gove, Illions : _bInterVarsity Press, _c℗2011 |
|
| 264 | 4 | _c©2011 | |
| 300 |
_a184 páginas ; _c21 cm. _b: |
||
| 336 |
_2rdacontent _atexto _btxt |
||
| 337 |
_2rdamedia _asin mediación _bn |
||
| 338 |
_2rdacarrier _avolumen _bnc |
||
| 505 | _aLa creación del monstruo -- Decidir cambiar: el grupo donner -- Las claves de las transiciónes: unos pocos años difíciles -- Repensar el evangelio: la visión apasionante de la vida en el Reino de Dios -- Consumismo: hablar con los peces sobre el agua -- Dejando a un lado la ambición: el terreno necesario para el cambio -- Co-pastoreo: dos son mejores que uno -- Comprender a la iglesia: la comunión de los no formados -- Formación espiritual: ¿Realmente quieres ser sanado? -- Alcance: una pasión ardiente por el mundo -- Adorar: celebrar la historia de Dios -- Errores: después de una revisión más profunda -- Epílogo: una visión para el futuro -- Agradecimientos -- Notas | ||
| 563 | _aRústica | ||
| 650 | 0 |
_aReforma de la iglesia _9958 |
|
| 700 | 1 |
_aLueken, Mike, _d1964- _eautor |
|
| 720 | _aWillard, Dallas | ||
| 906 |
_a7 _bcbc _corignew _d1 _eecip _f20 _gy-gencatlg |
||
| 942 | _cBK | ||